Countries Vladimir Lenin visited - Statistics

General Stats
  • This quiz has been taken 233 times
  • The average score is 13 of 16
Answer Stats
Continent Country % Correct
Europe Germany
97%
Europe United Kingdom
97%
Europe Finland
92%
Europe France
92%
Europe Poland
89%
Europe Italy
87%
Europe Switzerland
85%
Europe Austria
84%
Europe Belgium
79%
Europe Denmark
78%
Europe the Netherlands
77%
Europe Estonia
74%
Europe Latvia
74%
Europe Lithuania
74%
Europe Czech Republic
60%
Europe Slovakia
54%
No matching quizzes found
Score Distribution
Percent of People with Each Score
Percentile by Number Answered
Your Score History
You have not taken this quiz